| 000 | 00713nam a22002297a 4500 | ||
|---|---|---|---|
| 003 | UA-OsUOA | ||
| 001 | 30764 | ||
| 007 | ta | ||
| 008 | 20041115b un ||||| |||| 00| 0 ukr d | ||
| 090 |
_a82.09 _bВ87 |
||
| 942 | _cBK | ||
| 040 |
_aUA-OsUOA _brus _cUA-OsUOA _dUA-OsUOA |
||
| 245 |
_aВторой Всесоюзный съезд советских писателей 15-26 декабря 1954 года _bСтенографический отчет _cРед. М.Бажан В.Лацис В.Смирнов |
||
| 300 | _a607 с. | ||
| 955 | _a0 | ||
| 041 | _arus | ||
| 080 | _a82.09 | ||
| 260 |
_aМосква _bСоветский писатель _c1956 |
||
| 044 | _aRU | ||
| 650 | 7 | _2UDC | |
| 999 |
_c317178 _d317178 |
||